000 00938nam a2200229Ia 4500
001 L208-3717
003 IT-CnALBA
008 170116s9999||||xx |||||||||||||| ||und||
040 _aIT-CnALBA
_cIT-CnALBA
041 _aITALIANO
100 _aSENZA AUTORE
245 0 _aENCICLOPEDIA DEI SANTI. TRE GENNAIO.
250 _a1a ed.
260 _a SIENA
_bCANTAGALLI EZIO, EDITORE.
_c1950 [1° Ed.:1950 - Ed.Ling.Originale: 1950]
300 _a72 p.
500 _aCURATORE EDAMO ELOGI. SANTI DEL TRE GENNAIO. ANTERO, FIORENZO, TEOPONTO E TEONA. ZOSIMO MONACO. ATANASIO. BALSAMO PIETRO.
501 _aSocietà San Paolo EM - Piazza San Paolo, 14 - 12051 ALBA (CN) (non commercial uses only) ® Copyright 2017
520 _aCURATORE EDAMO ELOGI. SANTI DEL TRE GENNAIO. ANTERO, FIORENZO, TEOPONTO E TEONA. ZOSIMO MONACO. ATANASIO. BALSAMO PIETRO.
650 _aPADRI E SCRITTORI ECCLESIASTICI
942 _cBK
957 _71
999 _a4695
_bNO
_g Copie: 1
_c262903
_d262903